000 00464nam a22001817a 4500
003 MPLRDC
005 20220104142616.0
008 210129b ||||| |||| 00| 0 eng d
020 _a7-5343-1126-8
082 _a997.11 WQRM
100 _a围棋入门必读编写组编
245 _a围棋入门必读
_c
250 _a一版二刷
260 _a
_b江苏教育出版社
_c1991
300 _b
650 _a智力游戏--棋艺
942 _cBK
_o997.11 WQRM
999 _c32268
_d32258